书目信息 |
| 题名: |
身边的力学
|
|
| 作者: | 徐秉业 编著 | |
| 分册: | ||
| 出版信息: | 北京 北京大学出版社 1997.07 |
|
| 页数: | 207页 | |
| 开本: | 32开 | |
| 丛书名: | ||
| 单 册: | ||
| 中图分类: | O3-49 | |
| 科图分类: | ||
| 主题词: | 力学 | |
| 电子资源: | ||
| ISBN: | 7-301-03484-9 | |
| 000 | 00531nam0 2200193 45 | |
| 001 | 0007281659 | |
| 005 | 20000728162650.6 | |
| 010 | @a7-301-03484-9@d7.50元 | |
| 100 | @a20000728d1997 km y0chiy0120 ea | |
| 101 | 0 | @achi |
| 105 | @a z 000yy | |
| 200 | 1 | @a身边的力学@AShen Bian De Li Xue@f徐秉业 编著@FXu Bing Ye Bian Zhu |
| 210 | @a北京@c北京大学出版社@d1997.07 | |
| 215 | @a207页@d32开 | |
| 606 | 0 | @a力学 |
| 690 | @aO3-49@v3 | |
| 701 | 0 | @a徐秉业@4编著 |
| 801 | @aCN@bPftUser@c20000728 | |
| 905 | @b80864-873@dO3-49@eX907@f10 | |
| 身边的力学/徐秉业 编著.-北京:北京大学出版社,1997.07 |
| 207页;32开 |
| ISBN 7-301-03484-9:7.50元 |
| ● |
| 相关链接 |
|
|
|
正题名:身边的力学
索取号:O3-49/X907
 
预约/预借
| 序号 | 登录号 | 条形码 | 馆藏地/架位号 | 状态 | 备注 |
| 1 | 80864 | 200808643 | 自科库401/401自科库 50排6列5层/ [索取号:O3-49/X907] | 在馆 | |
| 2 | 80865 | 200808652 | 自科库401/401自科库 50排6列5层/ [索取号:O3-49/X907] | 在馆 | |
| 3 | 80866 | 200808661 | 自科库401/401自科库 50排6列5层/ [索取号:O3-49/X907] | 在馆 | |
| 4 | 80867 | 200808670 | 自科二线504/401自科库 52排2列3层/ [索取号:O3-49/X907] | 在馆 | |
| 5 | 80868 | 200808689 | 自科二线504/504自科库 48排5列3层/ [索取号:O3-49/X907] | 在馆 | |
| 6 | 80869 | 200808698 | 自科二线504/504自科库 48排5列3层/ [索取号:O3-49/X907] | 在馆 | |
| 7 | 80870 | 200808705 | 自科二线504/504自科库 48排5列3层/ [索取号:O3-49/X907] | 在馆 | |
| 8 | 80871 | 200808714 | 自科库401/401自科库 50排6列5层/ [索取号:O3-49/X907] | 在馆 | |
| 9 | 80872 | 200808723 | 自科二线504/504自科库 48排5列3层/ [索取号:O3-49/X907] | 在馆 | |
| 10 | 80873 | 200808732 | 自科二线504/504自科库 48排5列3层/ [索取号:O3-49/X907] | 在馆 |